RICS real estate management (Record no. 115249)
[ view plain ]
| 000 -LEADER | |
|---|---|
| fixed length control field | 01939cad a22003015a 4500 |
| 001 - CONTROL NUMBER | |
| control field | L158292 |
| 008 - FIXED-LENGTH DATA ELEMENTS--GENERAL INFORMATION | |
| fixed length control field | 130313s2014 xxk 000 0 eng u |
| 020 ## - INTERNATIONAL STANDARD BOOK NUMBER | |
| International Standard Book Number | 9781783210732 |
| 035 ## - SYSTEM CONTROL NUMBER | |
| System control number | (Sirsi) u158292 |
| 041 0# - LANGUAGE CODE | |
| Language code of text/sound track or separate title | eng |
| 110 2# - MAIN ENTRY--CORPORATE NAME | |
| Corporate name or jurisdiction name as entry element | Royal Institution of Chartered Surveyors |
| 9 (RLIN) | 4900 |
| 245 00 - TITLE STATEMENT | |
| Title | RICS real estate management |
| Remainder of title | RICS practice statement and guidance note |
| Medium | [electronic resource] |
| 250 ## - EDITION STATEMENT | |
| Edition statement | 2nd ed. |
| 260 ## - PUBLICATION, DISTRIBUTION, ETC. | |
| Place of publication, distribution, etc. | London |
| Name of publisher, distributor, etc. | RICS |
| Date of publication, distribution, etc. | 2014 |
| 490 #0 - SERIES STATEMENT | |
| Series statement | RICS Guidance Note |
| 490 #0 - SERIES STATEMENT | |
| Series statement | RICS Practice Statement |
| 505 2# - FORMATTED CONTENTS NOTE | |
| Formatted contents note | RICS professional and ethical standards -- RICS professional guidance -- Glossary -- Part 1: Real estate management: RICS practice statement -- The practice statement -- Links to RICS ethical standards -- Part 2: Real estate management: RICS guidance note -- Introduction -- GN 1 Ethics -- GN 2 Securing instructions -- GN 3 New lettings and lease renewals -- GN 4 Managing real estate -- GN 5 Portfolio and asset management -- GN 6 Ending the instruction -- GN 7 Safety and security -- GN 8 Business management. |
| 520 ## - SUMMARY, ETC. | |
| Summary, etc. | OUT OF DATE, SUPERSEDED BY 3RD EDITION, ARCHIVED IN NOVEMBER 2016 (L159440). |
| 520 ## - SUMMARY, ETC. | |
| Summary, etc. | Part 1 of this document is a mandatory practice statement. Part 2 is a guidance note. The practice statement and guidance note apply to the management of both commercial and residential real estate. Agents, and companies providing management services, must approach all their activities in accordance with the overarching principles. Effective from 1 February 2015. Supersedes 1st edition. |
| 590 ## - LOCAL NOTE (RLIN) | |
| Local note | KA |
| 651 #4 - SUBJECT ADDED ENTRY--GEOGRAPHIC NAME | |
| Geographic name | International |
| 690 ## - LOCAL SUBJECT ADDED ENTRY--TOPICAL TERM (OCLC, RLIN) | |
| Topical term or geographic name as entry element | Property management |
| 9 (RLIN) | 6262 |
| 690 ## - LOCAL SUBJECT ADDED ENTRY--TOPICAL TERM (OCLC, RLIN) | |
| Topical term or geographic name as entry element | Commercial property |
| 9 (RLIN) | 6227 |
| 690 ## - LOCAL SUBJECT ADDED ENTRY--TOPICAL TERM (OCLC, RLIN) | |
| Topical term or geographic name as entry element | Residential property |
| 9 (RLIN) | 6266 |
| 856 41 - ELECTRONIC LOCATION AND ACCESS | |
| Uniform Resource Identifier | <a href="https://www.rics.org/Global/Real_estate_management_2nd_edition_PGguidance_2014.pdf">https://www.rics.org/Global/Real_estate_management_2nd_edition_PGguidance_2014.pdf</a> |
| Public note | View the guidanc note free of charge (member-only content) at www.rics.org... |
| 942 ## - ADDED ENTRY ELEMENTS (KOHA) | |
| Suppress in OPAC | 0 |
| Withdrawn status | Lost status | Source of classification or shelving scheme | Damaged status | Not for loan | Home library | Current library | Shelving location | Date acquired | Total Checkouts | Full call number | Barcode | Date last seen | Copy number | Price effective from | Koha item type |
|---|---|---|---|---|---|---|---|---|---|---|---|---|---|---|---|
| Dewey Decimal Classification | Virtual | Virtual | Online | 27/11/2014 | ONLINE PUBLICATION | 158292-2001 | 06/08/2019 | 1 | 06/08/2019 | Book |